[Event "Bad Woerishofen op 31st"]
[Site "Bad Woerishofen"]
[Date "2015.03.04"]
[Round "6"]
[White "Skembris, Spyridon"]
[Black "Cebalo, Miso"]
[Result "1-0"]
[WhiteElo "2429"]
[BlackElo "2379"]
[Annotator "Skembris,S"]
[PlyCount "79"]
[EventDate "2015.02.27"]
[EventType "swiss"]
[EventRounds "9"]
[EventCountry "GER"]
[SourceTitle "CBM 166"]
[Source "ChessBase"]
[SourceDate "2015.05.11"]
[SourceVersion "1"]
[SourceVersionDate "2015.05.11"]
[SourceQuality "1"]

1. Nf3 c5 2. c4 {The flexible English Opening has been appearing more and more
often lately.} g6 3. g3 Bg7 4. Bg2 Nc6 5. Nc3 d6 $5 {With this flexible move
order Black keeps open a lot of different possibilities to develop. It will
not be easy for White to open the game in the centre with d4 without making
some compromises in his central pawn structure.} 6. O-O Bd7 $5 {As usual
Cebalo is well prepared in the opening and chooses a line to fight for the
initiative.} ({In the same tournament in an earlier round I faced} 6... e6 7.
b3 $5 ({after} 7. e3 Nge7 8. d4 O-O 9. d5 {White can get some space, but after}
Na5 {Black seems to have a comfortable version of the King's Indian Defence.})
7... Nge7 8. Bb2 O-O 9. e3 {After developing my queen's bishop I tried to keep
some options to open the game at the correct moment.} Re8 $5 $146 {Nice cool
novelty.} (9... Nf5 $5 {has appeared in practice as well, with the idea to
fight against the d4 advance}) 10. Qc1 a6 (10... e5 11. d3 a6 12. a3 Rb8 13.
Nd2 b5 14. Qc2 $36 b4 $140 15. Nd5 $14) 11. Rd1 Nf5 12. Ne4 $1 {When the black
knight is not on f6 the black squares around the black king are a bit weak.} e5
$1 (12... Bxb2 13. Qxb2 $14 e5 $140 14. a3 a5 15. d3 Ng7 16. Nc3 Bg4 17. Re1 {
X e4,d5,b5 X h1/a8}) 13. d3 h6 14. a3 $36 Be6 (14... Nfe7 15. b4 $5 $14 cxb4
$140 16. axb4 Nxb4 17. c5 dxc5 18. Nxe5 $16) 15. Qc2 $6 $132 ({Here I missed
the chance for the direct} 15. b4 $5 $14 cxb4 $140 16. axb4 Nxb4 17. Bc3 Nc6
18. Qa3 $14 {with very good compensation for the pawn.}) 15... Rc8 (15... Nfe7
$1 $132) 16. Rac1 Qd7 17. Qb1 Nfe7 18. Ned2 Bg4 19. Re1 Bh3 20. b4 $1 $44 {
Finally White gets good compensation.} Bxg2 (20... cxb4 21. Bxh3 Qxh3 22. axb4
$14 Nxb4 $140 23. Ba3) 21. Kxg2 cxb4 22. axb4 Nxb4 (22... b5 $5 $132) 23. Ba3
$44 a5 $6 (23... Nbc6 $5 24. Ne4 $140 Nf5 25. Qb6 $44) 24. Bxb4 axb4 25. Qxb4
$14 {(1/2-1/2) Skembris,S (2429)-Calzetta,M (2212) Bad Woerishofen 2015 (107).
The game went on and although I got a very good endgame the game ended in a
draw.}) (6... Nh6 {is another possibility, employed a few times by Magnus
Carlsen and Peter Svidler. Later on the knight is going to f5 to control the
central d4-square.} 7. d4 (7. b3 {was played in Flores-Carlsen at the Khanty
Mansiysk-Olympiad in 2010}) 7... cxd4 8. Nxd4 $5 (8. Bxh6 Bxh6 9. Nxd4 Ne5 {
An ambitious decision, refusing to simplify the position. McShane analyses the
game in the Mega database: 1-0 McShane,L (2645)-Carlsen, M (2802)/London 2010/
CBM 140/[McShane] (39)}) 8... Nxd4 $5 (8... Bd7) 9. Bxh6 Nxe2+ {This is risky
but somehow playable.} (9... Bxh6 $142 {1/2-1/2 Goganov,A (2497)-Romanov,E 
(2628)/Moscow 2012/CBM 146 Extra (90)} 10. Qxd4 $36) 10. Qxe2 Bxh6 11. Rfe1 $44
e6 $146 (11... Bg7 12. c5 O-O 13. Rad1 Be5 14. Qb5 a6 15. Qb3 Qa5 16. Nd5 Qxc5
17. Rc1 Qa5 18. Nxe7+ Kg7 19. Nxc8 Raxc8 20. Qxb7 Rb8 21. Qd5 Rb5 22. Qd3 Rxb2
23. Re2 Rfb8 24. Rxb2 Rxb2 25. Rd1 Qxa2 26. Bd5 Qa5 27. Qf3 Qc7 28. h4 h5 29.
Kg2 a5 30. Rc1 Qa7 31. Rc8 Bd4 32. Ra8 Qe7 33. Qd3 Rxf2+ 34. Kh1 Qe1+ {0-1
Dittmar,P (2327)-Antoniewski,R (2607)/ Triesen 2010/CBM 136 Extra}) 12. Rad1
O-O 13. Ne4 $14 d5 $5 (13... Bg7 14. Nxd6 Qb6 15. Rd2 Bd4 16. Red1 $16 e5 $140
17. Nb5 Bc5 18. Qxe5 Bg4 19. Re1 Be6 20. Nc3) 14. cxd5 Qa5 $2 (14... exd5 15.
Rxd5 Qe7 $1 16. Qd1 (16. Nc3 $5 Qxe2 17. Rxe2 Be6 18. Ra5 $14 Bg7 $140 (18...
b6 19. Bxa8 bxa5 20. Bd5 $14) 19. Bxb7 Rab8 20. Bd5 Rxb2 21. Rxb2 Bxc3 22. Rbb5
Bxa5 23. Rxa5 Bxd5 24. Rxd5 Rc8 25. Ra5 Rc7 26. Kg2 Kg7 27. Ra6 $36) 16... Be6
17. Nc5 Rac8 18. b4 $5 $14 (18. Nxe6 Rc1 $1 19. Qe2 Qxe6 20. Qxe6 fxe6 21. Rxc1
Bxc1 22. Rd6 Bxb2 23. Bxb7 Re8 24. Ba6 e5 (24... Kf7 25. Bb5 Re7 26. Bc4 Be5
$11)) 18... b6 19. Nxe6 $140 Rc1 20. Qe2 Qxe6 $1 21. Qxe6 fxe6 22. Rdd1 Rxd1
23. Rxd1) 15. d6 $18 f5 $8 16. d7 fxe4 17. Qxe4 Bxd7 18. Rxd7 Qxa2 (18... Rae8
$142) 19. Rxb7 Rae8 $6 (19... Bg7 $142 20. Bh3 e5 21. Rc1 Rab8 22. Rxg7+ Kxg7
23. Rc7+ Rf7 24. Qxe5+ Kh6 25. Rxf7 Qxf7 26. Qxb8 $18) (19... Rab8 $142 20. Bh3
Rxb7 21. Bxe6+ Qxe6 22. Qxe6+ Rbf7 23. b3 Bg5 24. h4 Bf6 25. Kg2 Kg7 26. Rd1
Re7 27. Rd7 Rff7 28. Rxe7 Rxe7 29. Qd6 $16) 20. Qd4 (20. Qe5 $142 $1 Rf7 $140
21. Bd5 Qa6 22. Bxe6 Qxe6 23. Qxe6 Rxe6 24. Rb8+ Kg7 25. Rxe6 $18) 20... Rd8 (
20... Qa5 $8 21. b4 Rd8 (21... Qf5 22. Bh3 Qf3 23. Qxa7 $18) 22. Bh3 $5 Rxd4
23. bxa5 Bd2 24. Bxe6+ Kh8 25. Re5 Bb4 26. Reb5 Be1 27. f4 $16 Re8 $140 28.
Rxa7 Bxa5 29. Raxa5 Rxe6 30. Rb8+ Kg7 31. Ra7+ Kh6 32. Rbb7 Kh5 33. Rxh7+ Kg4
34. Ra2 Kf3 35. Rf2+ Ke3 36. Kg2 $18) 21. Qe5 $18 {Xa5 Xg7} Qc4 22. Bh3 {
1-0 Skembris,S-Brem,S/Neckar A 2014}) (6... Bf5 {is another interesting way
for Black to develop but I think that White has good ways to keep the control
of the game.}) 7. a3 {This is a flexible way to deal with Black's plans.} Nh6 (
7... Nf6 8. Rb1 a5 9. d3 O-O 10. Bd2 {is possible but praxis shows that White
has slightly better chances here.}) 8. d3 a6 9. Rb1 Rb8 {Black's strategy to
fight on all flanks is interesting but also risky as the black king is still
in the centre.} 10. Bd2 (10. b4 $5 $36 Bxc3 $140 (10... b6 $142 11. Nd5 $14)
11. Bxh6 cxb4 12. axb4 Bxb4 13. d4 $16) 10... b5 11. cxb5 axb5 12. b4 cxb4 13.
axb4 Nf5 {Finally Black has got his knight to f5 and controls d4. On the other
hand the dark squares around the black kingside side fiancetto are a bit weak
and White has a clear plan to go on.} (13... O-O 14. d4 Nf5 15. e3 $14 e6 16.
d5 Ne5 17. Nxe5 dxe5 18. e4 Nd4 19. Be3 {1/2-1/2 Manea,A (2413)-Enchev,I (2435)
/Sunny Beach 2011/ CBM 144 Extra}) 14. e3 $1 {X d4} ({I am happy that during
the game I stopped myself thinking about some ideas with a direct} 14. g4)
14... h5 15. Ne4 $5 $146 {White goes on with his plan.} (15. h4 O-O 16. Qe2 Ne5
17. Nxe5 Bxe5 18. Ne4 Rc8 19. Rfc1 Qb6 20. Bc3 Bxc3 21. Nxc3 Bc6 22. Nd5 Bxd5
23. Bxd5 e6 24. Be4 Ne7 25. d4 {1/2-1/2 Berry,J-Macskasy,E/Vancouver 1972/EXT
2001}) 15... h4 16. Qe2 hxg3 17. hxg3 Ne5 $6 {This helps the white plan.} ({
Safrer was} 17... Kf8 18. Rfc1 $36) 18. Nxe5 Bxe5 19. Rfc1 Qb6 $2 {This is
going too far.} (19... Kf8 $142 20. Bc3 $14) 20. Bc3 Bxc3 21. Nxc3 {Now slowly
there are clouds in the sky over the black king position.} Be6 (21... e6 22.
Ne4 $16) 22. Nd5 $5 {I prefer my human reaction.} ({Even if according to the
silicon masters White is clearly better after} 22. Ra1 O-O 23. Ra5 Rfc8 24. Qd2
$1) 22... Bxd5 23. Bxd5 e6 ({After} 23... O-O 24. Kg2 e6 25. Bf3 Ne7 26. Qa2 d5
27. Rc5 {White is better as he has many targets: the c-file, the weak pawn on
b5 and the black king.}) 24. Be4 (24. Qb2 $5 O-O $140 25. Be4 $16) 24... Ne7
25. Qb2 {Now Black is facing a very difficult decision.} Kd7 ({A better option
was} 25... e5 26. Qa2 O-O 27. Kg2 Rfd8 28. Ra1 d5 29. Bf3 Kg7 30. Qa7 $16) 26.
Qf6 (26. Qg7 $5 $40) 26... Rh7 27. Rc2 d5 {This stops the power of the white
bishop but loses control of the important square c5.} ({After} 27... Rc8 28.
Rxc8 Nxc8 29. Rc1 d5 30. Bf3 Nd6 31. e4 {White is clearly better.}) 28. Bf3 Qd6
({After} 28... Rc8 29. Rxc8 Nxc8 30. e4 d4 31. Rc1 Ne7 32. Kg2 Nc6 33. Rh1 {
Black is again in trouble.}) 29. e4 {Soon the black king will be under fire.}
dxe4 (29... Ke8 30. Rc5 Ng8 31. Qd4 $18) 30. dxe4 Ke8 31. Rc5 Qd2 {Keeping his
eye on the b4-pawn and at the same time looking for some tactical motifs with .
.. Rh2.} 32. Qe5 $1 $40 Ra8 {What else?} (32... Rd8 33. Rd1 Qxd1+ 34. Bxd1
Rxd1+ 35. Kg2 $18) (32... Qd8 33. Rd1 Qb6 34. Rd6 Qa7 35. Ra6 $1 Qb7 36. Be2
$18) 33. Rd1 $1 {This is the start of a nice finish.} Qxb4 {Finally Black has
eliminated the white b4-pawn.} 34. Qd6 $1 {But this takes away all Black's
hopes. As Black has no way to keep the white Rc5 pinned his position collapses.
} ({Black's last hope was} 34. Rxb5 $2 Nc6 $1) 34... Qb2 ({The point is that
after} 34... Qa3 35. Rc8+ $1 $18 {White wins the black queen.}) ({The only
practical try for Black was to play} 34... Qb3 35. Rc7 f6 (35... f5 36. Kg2 $18
) 36. Kg2 $1 Qa3 37. Qxe6 $40 {but White should win here.}) 35. Rc7 $18 f6 (
35... Qf6 36. e5 $18) 36. Rxe7+ {Now with such a bad king position all the
tactics work.} Rxe7 37. Qc6+ Kf7 38. Qxa8 b4 39. Kg2 b3 40. Qh8 {The time
trouble is finished and the black king will soon be mated.} 1-0

[Event "Karlsruhe Grenke op"]
[Site "Karlsruhe"]
[Date "2016.03.25"]
[Round "3"]
[White "Skembris, Spyridon"]
[Black "Wagner, Dennis"]
[Result "1/2-1/2"]
[WhiteElo "2412"]
[BlackElo "2587"]
[Annotator "Skembris,S"]
[PlyCount "118"]
[EventDate "2016.03.24"]
[EventType "swiss"]
[EventRounds "9"]
[EventCountry "GER"]
[SourceTitle "CBM 172"]
[Source "ChessBase"]
[SourceDate "2016.05.12"]
[SourceVersion "1"]
[SourceVersionDate "2016.05.12"]
[SourceQuality "1"]

1. c4 c5 2. g3 Nc6 3. Bg2 g6 4. Nc3 Bg7 5. Nf3 d6 6. O-O e5 7. a3 a5 8. d3 Nge7
9. Ne1 Be6 10. Nc2 d5 11. cxd5 Nxd5 12. Ne3 Nb6 {An interesting and sharp
decision.} (12... Nxc3 $6 13. bxc3 a4 14. Nc4 $1 $16) (12... Nxe3 13. Bxe3 Nd4
14. Ne4 $14) (12... Nde7 13. Nc4 $1 O-O 14. Bg5 f6 15. Be3 b6 16. Qa4 $14 Qc7
17. f4 Rac8 18. Nb5 Qb8 19. Nbd6 Rc7 20. Qb5 $6 (20. fxe5 $5 $16) 20... exf4
$132 {1/2-1/2 Dvirnyy,D (2568)-Wang,H (2733)/Rhodes 2013/CBM 157 (64)}) 13. Na4
Nxa4 14. Qxa4 {A new move, but after Black's next move we wil be back to the
main theoretical battle.} (14. Bxc6+ bxc6 15. Qxa4 {leads to the game with a
different move order.}) 14... O-O {Of course, Dennis understands his openings
well.} ({After} 14... Bd7 15. Nc4 Nd4 16. Qd1 Bg4 17. Re1 Ra7 18. h3 Be6 19. e3
Nc6 20. Qb3 O-O 21. Rd1 {I'd prefer White.}) 15. Bxc6 bxc6 16. Bd2 $146 {
Now we have the real novelty. The resulting position is extremely tense. The
question is whether White will profit from the black pawn structure or whether
the black bishop pair will be stronger.} (16. Qxc6 Qd4 17. Nc2 Qd8 18. Ne3 Qd4
19. Nc2 Qd8 20. Ne3 {1/2-1/2 Howell,D (2644)-Negi,P (2671)/Germany 2014/ CBM
160}) 16... Qd4 $5 ({After} 16... e4 $5 17. Bc3 Bxc3 18. bxc3 exd3 19. Rfd1 Qb8
(19... d2 20. c4 $5 (20. Qc2 Rb8 21. c4 Qf6 22. Qxd2 Rb2 $44) 20... Qd7 21. Ra2
Rfd8 22. h4 $36 {White gets back the pawn and the initiative}) 20. Rxd3 Qb2 21.
Re1 $36 Qb5 $140 22. Qe4 $132) 17. Qc2 f5 $5 {Both sides are fighting for the
initiative.} (17... a4 18. Bc3 Qd7 19. Nc4 $13) 18. Bc3 Qd7 19. f4 $6 (19. Nc4
$5 Bxc4 $140 (19... Qc7 20. Qa4 $14) 20. dxc4 Qe6 21. Rad1 $36 Qxc4 $140 (21...
Ra7 $142 22. e4 f4 23. Qd3 $36 Qh3 $140 24. gxf4 Qh5 (24... Qxd3 25. Rxd3 $14)
25. f3 Rxf4 26. Qe2 $36) 22. Rd7 $14) 19... exf4 20. Bxg7 Qxg7 21. Rxf4 g5 $36
22. Rf2 Qd4 23. Ng2 Rab8 (23... c4 $5 $36 24. dxc4 $140 (24. Qd2 $5) 24... Rab8
) 24. e3 Qe5 25. Rc1 $36 Rb5 $1 26. a4 $5 (26. Ne1 Qxe3 $1 27. Nf3 $140 f4 28.
Re1 g4 $3 $44 (28... Bb3 29. Qb1 $16)) 26... Bb3 (26... Rb3 27. Qxc5 $36) 27.
Qe2 (27. Qc3 $5 Qxc3 $140 28. bxc3 $36 Bxa4 $140 $2 29. Ra1 Bb3 30. c4 Rb6 31.
Rxa5 $16) 27... Rb7 $1 28. Qd2 $5 (28. Qh5 Rg7 $36) 28... Rd7 29. d4 $6 (29.
Rcf1 $5 {Wagner,D} Bxa4 $140 30. e4 $44) 29... cxd4 30. exd4 Qf6 $36 (30... Qg7
31. Ne3 f4 32. Qc3 Bxa4 33. Qc4+ Kh8 34. Qxa4 fxe3 35. Rxf8+ Qxf8 36. Qxc6 $132
) 31. Qc3 Bd5 32. Ne3 Be4 33. Nxf5 $6 $138 (33. Qxa5 $5 Qxd4 $140 34. Rd1 Qxe3
(34... Qa7 35. Qxa7 Rxa7 36. Rd4 Ra5 37. g4 c5 38. Rc4 Bd3 39. Rc3 c4 40. Nxc4
Rxa4 41. Rxd3 Rxc4 42. gxf5 $36) 35. Rxd7 Qc1+ 36. Rf1 Qe3+ $11) 33... Bxf5 34.
Rcf1 Rd5 $1 $15 35. g4 Qxd4 36. Qxd4 Rxd4 {The smoke has cleared and White has
to fight an inferior rook endgame a pawn down.} 37. Rxf5 $5 (37. h3 Rd5 38.
gxf5 Rf6 $17) 37... Rxg4+ 38. Kh1 Rxf5 {Black has no better choice.} (38... Rb8
39. Rxa5 Rxb2 40. Rg1 Rxg1+ 41. Kxg1 h6 42. Rc5 Rb6 43. a5 Ra6 44. Kf2 Kf7 45.
Ke3 Ke6 46. Kd4 Kd7 47. h4 gxh4 48. Kc4 Ra8 49. Rh5 $11 h3 (49... Rh8 50. a6
Kc7 51. Kc5) 50. Kb4 Rb8+ 51. Ka4 Rh8 52. a6 $11) 39. Rxf5 Rxa4 40. Rxg5+ Kf7
41. Rc5 {The ending should be a draw, but as we will see there are still some
dangerous paths.} Ra2 42. b3 Ra3 (42... Rb2 43. Rxc6 Rxb3 44. Rc7+ Ke6 (44...
Kg6 45. Rc6+) 45. Rxh7 Rb2 46. h4 a4 47. Ra7 Rb4 48. h5 Kf5 49. h6 Kg6 50. Ra6+
$11) 43. Kg2 (43. Rxc6 Rxb3 44. Rc7+ $11) 43... Rxb3 44. Rxa5 $1 Ke6 (44... Re3
45. Ra6 Re6 46. Kf3 Rh6 47. Kg4 Ke7 48. Ra7+ Ke6 49. h4 $11 Rg6+ $140 50. Kh5)
45. Rh5 Rb7 46. Kf3 Re7 $5 (46... Rd7 47. Ke4 $11) 47. Ke4 $1 Kf6+ 48. Kf4 Kg6
49. Rg5+ Kh6 50. Rc5 Re6 51. Kf5 Rg6 52. Rc3 Kg7 53. Ke5 Rh6 54. Rc2 Kf7 55.
Kd4 Re6 (55... Ke7 $5 {Wagner,D} 56. Kc5 Kd7 57. Kb6 $140 Rh5 58. Rxc6 Rxh2 59.
Rc7+ Kd6 60. Rc1 $8 (60. Rc6+ $2 Kd5 61. Rc8 h5 62. Kb5 h4 63. Kb4 Rh1 64. Kb3
h3 65. Rh8 (65. Rc3 h2 $19) (65. Kb2 Rh2+ 66. Kb3 Rg2 67. Rh8 h2 $19)) 60... h5
(60... Rb2+ 61. Ka6 Rb8 62. Rh1 Rh8 63. Rh6+ Ke5 64. Kb5 Kf5 65. Kc4 Kg5 66.
Rh1 h5 67. Kd3 h4 68. Ke2 $11)) 56. Rc5 Kg6 57. Kd3 h5 58. h4 $11 Kh6 59. Kd4
Kg6 1/2-1/2

[Event "URS-chT Republics 19th Group1"]
[Site "Azov"]
[Date "1991.??.??"]
[Round "5"]
[White "Dzyuban, Oleg"]
[Black "Ilinsky, Vladimir"]
[Result "1-0"]
[WhiteElo "2440"]
[BlackElo "2350"]
[Annotator "Stohl,I"]
[PlyCount "97"]
[EventDate "1991.??.??"]
[EventType "team-tourn"]
[EventRounds "5"]
[EventCountry "URS"]
[SourceTitle "EXT 2020"]
[Source "ChessBase"]
[SourceDate "2019.10.17"]
[SourceVersion "1"]
[SourceVersionDate "2019.10.17"]
[SourceQuality "1"]
[WhiteTeam "Kazakhstan"]
[BlackTeam "Kirgizia"]
[WhiteTeamCountry "KAZ"]
[BlackTeamCountry "KGZ"]

1. Nf3 c5 2. c4 Nc6 3. g3 e5 $5 4. d3 d6 (4... g6 {-A37} 5. Bg5 f6 6. Bd2 Nge7
7. Nc3 Bg7 8. Bg2 d6 9. O-O O-O 10. a3 a5 11. Ne1 Be6 12. Nc2 d5 (12... f5 $5
13. Nd5 Kh8 14. Rb1 Ra7 15. b4 axb4 16. axb4 b6 17. Bc3 Nd4 18. Nxe7 Rxe7 $13 {
1/2:1/2,Franklin,M-Ravikumar,V,Eastbourne ch-GB 1990}) 13. cxd5 Nxd5 14. b4 $5
(14. Nxd5 Bxd5 15. Bxd5+ Qxd5 16. Ne3 Qe6 17. Rc1 b6 18. Rc4 Nd4 19. Ng2 a4 $15
{(),Gausel,E-Cramling,P,Stockholm 1990-CBM 22}) 14... axb4 15. Nxd5 Bxd5 16.
Bxd5+ Qxd5 17. axb4 Rxa1 18. Qxa1 cxb4 19. Nxb4 Nxb4 20. Bxb4 Rc8 21. Rc1 Rxc1+
22. Qxc1 h5 $10 {McNab,C-Ward,Ch,Eastbourne GB-ch 1990}) 5. Nc3 g6 6. a3 a5 7.
Rb1 Bg7 8. Bg5 f6 $1 (8... Nge7 $6 9. Bxe7 $1 Nxe7 10. Bg2 {/\b4,><d5}) 9. Bd2
Nge7 10. Bg2 O-O 11. O-O Rb8 (11... Be6 $142 12. Qa4 Rc8 13. Rfc1 b6 14. Qb3
Rb8 15. Ne1 Nd4 16. Qd1 d5 17. b3 Qd7 18. Nc2 Nxc2 19. Qxc2 f5 $132 {Psakhis,
L-Gschnitzer,O,Wien op 1990-CBM 21}) 12. Ne1 {-A37} Be6 13. Nc2 (13. Nd5 b5 $10
) 13... d5 (13... f5 14. b4 axb4 15. axb4 $36) 14. cxd5 Nxd5 15. Nxd5 Bxd5 16.
Bxd5+ Qxd5 17. b4 $14 {|^<<} axb4 (17... cxb4 18. axb4 a4 $2 19. b5 Nd8 20. Na3
$16) 18. axb4 cxb4 $8 (18... Rfc8 19. Ne3 $16) 19. Nxb4 Qe6 $6 (19... Nxb4 $142
20. Rxb4 {/\Qb1,Rc1} b5 $5 $14 {<=>}) 20. Nxc6 bxc6 (20... Qxc6 21. Qb3+ Kh8
22. Rfc1 $16 {><b7}) 21. Qc2 {><c6,׻} Rfe8 22. Rfc1 (22. Rxb8 $5 Rxb8 23. Rc1
Rc8 24. Qa4 $36) 22... Rxb1 23. Rxb1 e4 24. d4 f5 25. Qa4 Rd8 26. Be3 (26. e3
$6 c5 $10) 26... Qd5 (26... f4 $5 $14) 27. Rb4 Bf6 28. h4 $1 Rd7 (28... Be7 29.
Rc4 Rc8 30. Qa6 $16) 29. Rc4 Qb5 30. Qc2 Rd6 (30... Rc7 $2 31. Rc5 {/\d5}) 31.
Rc5 Qb7 32. h5 Qd7 (32... Bxd4 33. Bxd4 Rxd4 34. Rxc6 $40) 33. Bf4 $1 Bxd4 $6 (
33... Rxd4 34. Rxc6 $16) (33... Re6 $5 34. e3 $36) 34. Bxd6 Qxd6 {/\Qg3} 35.
Qb3+ $8 Kg7 36. Ra5 e3 37. f4 $18 Bb6 38. Ra1 (38. Qxb6 $2 Qd1+ 39. Kg2 Qxe2+
$10) 38... Bd4 39. Rd1 c5 (39... gxh5 40. Qd3 c5 41. Qxf5 $18) 40. Qb7+ Kh6 41.
hxg6 Kxg6 (41... hxg6 42. Kg2 {/\Rh1#}) 42. Kg2 Qe6 43. Rh1 h6 44. Rb1 c4 45.
Rb4 {/\Ra4-a6} Bf6 46. Rb6 Qe4+ $8 47. Qxe4 fxe4 48. g4 c3 49. Re6 {/\Re4} (49.
Re6 c2 50. Rc6 $18 {[Stohl]}) 1-0

[Event "Prague Metro"]
[Site "Prague"]
[Date "1982.08.17"]
[Round "10"]
[White "Hausner, Ivan"]
[Black "Eperjesi, Laszlo"]
[Result "1/2-1/2"]
[WhiteElo "2410"]
[BlackElo "2355"]
[Annotator "Tompa,J"]
[PlyCount "125"]
[EventDate "1982.08.08"]
[EventType "tourn"]
[EventRounds "13"]
[EventCountry "CSR"]
[SourceTitle "EXT 2020"]
[Source "ChessBase"]
[SourceDate "2019.10.17"]
[SourceVersion "1"]
[SourceVersionDate "2019.10.17"]
[SourceQuality "1"]

1. c4 c5 2. g3 Nc6 3. Nf3 e5 4. Nc3 g6 5. Bg2 Bg7 6. d3 Nge7 7. Bd2 d6 8. Rb1
a5 9. a3 Rb8 10. O-O O-O 11. Ne1 Be6 12. Nc2 d5 13. cxd5 Nxd5 14. Ne4 b6 15.
Ng5 Bc8 16. Ne3 Nxe3 17. Bxe3 Bb7 18. Qa4 Nd4 19. Bxd4 Bxg2 20. Kxg2 exd4 21.
Nf3 b5 22. Qc2 Qd5 23. b3 Rfc8 24. Qd2 Qa8 25. Qc2 Bh6 26. Rb2 Qd5 27. Ra1 Rb6
28. a4 Rcb8 29. axb5 Rxb5 30. Ra3 Bf8 31. Rb1 g5 32. Kg1 g4 33. Nd2 R8b6 34.
Rba1 Re6 35. Qd1 h5 36. Rxa5 Rxa5 37. Rxa5 h4 38. gxh4 Qd8 39. Ra2 Qxh4 40. Qf1
Bd6 41. Qg2 Rxe2 42. Kf1 Re6 43. Ra6 Qg5 44. Qa8+ Kg7 45. Ne4 Qc1+ 46. Kg2 Qf4
$2 (46... Bxh2 $19 47. Ra1 Qh6) 47. Nxd6 Rxd6 48. Rxd6 Qxd6 49. Qe4 Qg6 50.
Qe5+ Qf6 51. Qg3 Qe6 52. h3 Qxb3 53. Qxg4+ Kf8 54. Qf5 Qb7+ 55. Qf3 Qd7 56. Qe4
c4 57. dxc4 d3 58. Qa8+ Kg7 59. Qa1+ Kg6 60. Qc1 d2 61. Qd1 Qd3 62. c5 Qe4+ 63.
Kf1 1/2-1/2